000 00423nam a2200181Ia 4500
001 10597
005 20260306161844.0
008 260306t1968||||xx |||||||||||||| ||spa||
041 _aESP
082 _a943.7
_bB51
100 _aBezunartea, Ma. Josefa
_eAUT
245 0 _aChecoslovaquia invadida
260 _c1968
300 _a205 páginas :
_c19 cm.
650 _aGEN
654 _aCHU
942 _cLIB
_dJUS
_fJUS
_2ddc
_n
999 _c10597
_d10597